000 01135nam a2200253Ia 4500
003 OSt
005 20220923211258.0
006 a|||||r|||| 00| 0
007 ta
008 220922b |||||||| |||| 00| 0 hin d
020 _a9788179171066 (hbk)
_c750
024 _a238,604
037 _b160, 26/08/2009, Eastern Book Linkers
_cTextual
040 _aARTS
_cARTS
_bhin
041 _2hin
_ahin
082 _aX:3M24xM20, 152P8
100 _aएंगेल्स, फ्रेडरिक; मुरली मनोहर प्रसाद सिंह, संपा.
_9160135
245 0 _aपरिवार निजी संपत्ति और राज्य की उत्पत्ति
246 _aParivār nijī sanpatti aur rājya kī utpatti
260 _aदिल्ली
_b ग्रंथ शिल्पी
_c2008
300 _a222पृ.
_ccm.
942 _hX:3M24xM20, 152P8
_cTEXL
_2CC
999 _c298084
_d298084